| 000 | 00550nam a2200181 a 4500 | ||
|---|---|---|---|
| 001 | 60177 | ||
| 005 | 20180714061336.0 | ||
| 008 | 140415s2009 000 0 eng d | ||
| 020 | _a9788496113176 | ||
| 041 | _aeng | ||
| 082 |
_a346.0486 _bMAN |
||
| 245 | 0 | 0 | _aMANUAL DE ESTADISTICAS DE PATENTES DE LA OCDE |
| 250 | _a1a ed. | ||
| 260 |
_aPARIS : _bOECD, _c2009, |
||
| 300 | _a177 | ||
| 490 | _aFILOSOFIA Y ENSAYO | ||
| 650 | 1 | 4 |
_aPATENTES (DERECHO INTERNACIONAL) _xPATENTES _xESTADISTICA _xINNOVACIONES TECNOLGICAS _xESTADISTICA |
| 999 |
_c60177 _d60177 |
||